| 000 | 00338nam a22001337a 4500 | ||
|---|---|---|---|
| 008 | 170907b xxu||||| |||| 00| 0 eng d | ||
| 020 | _a928081060x | ||
| 041 | _aeng | ||
| 080 | _a91 | ||
| 100 | _a42 | ||
| 101 | _aGJEO | ||
| 245 |
_aGLOBALIZATION AND THE SUSTAINABILITY OF CITIES IN THE ASIA PACIFIC REGION _cLO, F.CH |
||
| 942 |
_2udc _cBK |
||
| 999 |
_c26589 _d26589 |
||